Suomen kunnat - aakkoset - Statistics

Yleistilastot
  • Tätä visaa on pelattu 492 kertaa
  • Keskiarvotulos 20 / 21
Vastaustilastot
% Oikein
H Haapajärvi | Haapavesi | Hailuoto | Halsua | Hamina | Hammarland | Hankasalmi | Hanko | Harjavalta | Hartola | Hattula | Hausjärvi | Heinola | Heinäveai | Helsinki | Hirvensalmi | Hollola | Huittinen | Humppila | Hyrynsalmi | Hyvinkää | Hämeenkyrö | Hämeenlinna
98%
A Akaa | Alajärvi | Alavieska | Alavus | Asikkala | Askola | Aura
97%
I Ii | Iisalmi | Iitti | Ikaalinen | Ilmajoki | Ilomantsi | Imatra | Inari | Inkoo | Isojoki | Isokyrö
97%
J Janakkala | Joensuu | Jokioinen | Jomala | Joroinen | Joutsa | Juuka | Juupajoki | Juva | Jyväskylä | Jämijärvi | Jämsä | Järvenpää
97%
K Kaarina | Kaavi | Kajaani | Kalajoki | Kangasala | Kangasniemi | Kankaanpää | Kannonkoski | Kannus | Karijoki | Karkkila | Karstula | Karvia | Kaskinen | Kauhajoki | Kauhava | Kauniainen | Kaustinen | Keitele | Kemi | Kemijärvi | Keminmaa | Kemiönsaari | Kempele | Kerava | Keuruu | Kihniö | Kinnula | Kirkkonummi | Kitee | Kittilä | Kiuruvesi | Kivijärvi | Kokemäki | Kokkola | Kolari | Konnevesi | Kontiolahti | Korsnäs | Koski Tl | Kotka | Kouvola | Kristiinankaupunki | Kruunupyy | Kuhmo | Kuhmoinen | Kumlinge | Kuopio | Kuortane | Kurikka | Kustavi | Kuusamo | Kyyjärvi | Kärkölä | Kärsämäki | Kökar
97%
L Lahti | Laihia | Laitila | Lapinjärvi | Lapinlahti | Lappajärvi | Lappeenranta | Lapua | Laukaa | Lemi | Lemland | Lempäälä | Leppävirta | Lestijärvi | Lieksa | Lieto | Liminka | Liperi | Lohja | Loimaa | Loppi | Loviisa | Luhanka | Lumijoki | Lumparland | Luoto | Luumäki
97%
P Padasjoki | Paimio | Paltamo | Parainen | Parikkala | Parkano | Pedersöre | Pelkosenniemi | Pello | Perho | Pertunmaa | Petäjävesi | Pieksämäki | Pielavesi | Pietarsaari | Pihtipudas | Pirkkala | Polvijärvi | Pomarkku | Pori | Pornainen | Porvoo | Posio | Pudasjärvi | Pukkila | Punkalaidun | Puolanka | Puumala | Pyhtää | Pyhäjoki | Pyhäjärvi | Pyhäntä | Pyhäranta | Pälkäne | Pöytyä
97%
R Raahe | Raasepori | Raisio | Rantasalmi | Ranua | Rauma | Rautalampi | Rautavaara | Rautjärvi | Reisjärvi | Riihimäki | Ristijärvi | Rovaniemi | Ruokolahti | Ruovesi | Rusko | Rääkkylä
97%
S Saarijärvi | Salla | Salo | Saltvik | Sastamala | Sauvo | Savitaipale | Savonlinna | Savukoski | Seinäjoki | Sievi | Siikainen | Siikajoki | Siikalatva | Siilinjärvi | Simo | Sipoo | Siuntio | Sodankylä | Soini | Somero | Sonkajärvi | Sotkamo | Sottunga | Sulkava | Sund | Suomussalmi | Suonenjoki | Sysmä | Säkylä
97%
T Taipalsaari | Taivalkoski | Taivassalo | Tammela | Tampere | Tervo | Teuva | Tohmajärvi | Toholampi | Toivakka | Tornio | Turku | Tuusniemi | Tuusula | Tyrnävä
97%
E Eckerö | Enonkoski | Enontekiö | Espoo | Eura | Eurajoki | Evijärvi
96%
M Maalahti | Maarianhamina | Marttila | Masku | Merijärvi | Merikarvia | Miehikkälä | Mikkeli | Muhos | Multia | Muonio | Mustasaari | Muurame | Mynämäki | Myrskylä | Mäntsälä | Mänttä-Vilppula | Mäntyharju
96%
O Orimattila | Oripää | Orivesi | Oulainen | Oulu | Outokumpu
96%
U Ulvila | Urjala | Utajärvi | Utsjoki | Uurainen | Uusikaarlepyy | Uusikaupunki
96%
V Vaala | Vaasa | Valkeakoski | Vantaa | Varkaus | Vehmaa | Vesanto | Vesilahti | eteli | Vieremä | Vihti | Viitasaari | Vimpeli | Virolahti | Virrat | Vårdö | Vöyri
96%
N Naantali | Nakkila | Nivala | Nokia | Nousiainen | Nurmes | Nurmijärvi | Närpiö
94%
Ä Ähtäri | Äänekoski
91%
Y Ylitornio | Ylivieska | Ylöjärvi | Ypäjä
90%
F Finström | Forssa | Föglö
84%
B Brandö
73%
G Geta
69%
Ehtoja vastaavia visoja ei löytynyt
Tulosjakauma
Jokaisen tuloksen saaneiden osuus
Persentiili vastausten määrän mukaan
Tuloshistoriasi
Et ole pelannut tätä visaa